Inteligentný podnik bakalárska práca

Guardado en:
Detalles Bibliográficos
Autor principal: Ožvat, Vladimír Filip
Autor Corporativo: Fakulta hospodárskej informatiky EU. Katedra aplikovanej informatiky
Otros Autores: Mišút, Martin, 1962-
Formato: Libro
Lenguaje:eslovaco
Publicado: Bratislava 2023
Etiquetas: Agregar Etiqueta
Sin Etiquetas, Sea el primero en etiquetar este registro!

MARC

LEADER 00000nbm a2200000 4500
001 0294971
005 20240222141050.4
041 0 |a slo 
044 |a SK 
245 1 0 |a Inteligentný podnik  |b bakalárska práca  |c Vladimír Filip Ožvat ; školiteľ: Martin Mišút 
264 1 |a Bratislava  |c 2023 
300 |a 44 s. 
100 1 |a Ožvat, Vladimír Filip 
700 1 |a Mišút, Martin, 1962- 
710 2 |a Fakulta hospodárskej informatiky EU. Katedra aplikovanej informatiky